ADR green paper responses sought (Record no. 71149)
[ view plain ]
| 000 -LEADER | |
|---|---|
| fixed length control field | 01149cam a2200193 4500 |
| 001 - CONTROL NUMBER | |
| control field | WB3833-09 |
| 008 - FIXED-LENGTH DATA ELEMENTS--GENERAL INFORMATION | |
| fixed length control field | 020912n2002 000 0 eng u |
| 035 ## - SYSTEM CONTROL NUMBER | |
| System control number | (Sirsi) u119684 |
| 245 ## - TITLE STATEMENT | |
| Title | ADR green paper responses sought |
| 260 ## - PUBLICATION, DISTRIBUTION, ETC. | |
| Date of publication, distribution, etc. | 2002 |
| 490 ## - SERIES STATEMENT | |
| Series statement | RICS Dispute Resolution Faculty News |
| Volume/sequential designation | 6 September 2002, (1) |
| 520 ## - SUMMARY, ETC. | |
| Summary, etc. | The European Commission is seeking responses to its green paper on alternative dispute resolution (ADR). The outcome of this consultation will have potentially far-reaching implications for the future of ADR in the UK. RICS members are encouraged to return their comments to [email protected] by 30 September 2002 to inform the RICS submission. The green paper is available at http://europa.eu.int/eur-lex/pri/en/dpi/gpr/doc/2002/com2002_0196en01.doc Editorial comment is at http://www.rics.org/downloads/feature/EU2.pdf http://www.rics.org/ricscms/bin/show?class=Feature&template=/includes/showfeature.html&id=333 |
| 590 ## - LOCAL NOTE (RLIN) | |
| Local note | WB |
| 650 ## - SUBJECT ADDED ENTRY--TOPICAL TERM | |
| Topical term or geographic name entry element | EUROPEAN UNION |
| 650 ## - SUBJECT ADDED ENTRY--TOPICAL TERM | |
| Topical term or geographic name entry element | ALTERNATIVE DISPUTE RESOLUTION |
| 650 ## - SUBJECT ADDED ENTRY--TOPICAL TERM | |
| Topical term or geographic name entry element | ALTERNATIVE DISPUTE RESOLUTION |
| 690 ## - LOCAL SUBJECT ADDED ENTRY--TOPICAL TERM (OCLC, RLIN) | |
| Topical term or geographic name as entry element | Dispute resolution |
| 9 (RLIN) | 6236 |
| 942 ## - ADDED ENTRY ELEMENTS (KOHA) | |
| Suppress in OPAC | 0 |
| Withdrawn status | Lost status | Source of classification or shelving scheme | Damaged status | Not for loan | Home library | Current library | Shelving location | Date acquired | Total Checkouts | Full call number | Barcode | Date last seen | Copy number | Price effective from | Koha item type |
|---|---|---|---|---|---|---|---|---|---|---|---|---|---|---|---|
| Dewey Decimal Classification | London | London | News article | 12/09/2002 | WB3833-09 | 119684-1001 | 06/08/2019 | 1 | 06/08/2019 | News article |